| Tag |
First Indicator |
Second Indicator |
Subfields |
| LEADER |
00000cam a2200000 a 4500 |
| 001 |
in00000001670 |
| 005 |
20151007050628.0 |
| 008 |
981029s1998 cauab b f000 0 eng d |
| 035 |
|
|
|a (OCoLC)ocm40413056
|
| 035 |
|
|
|9 AJC4107AM
|
| 040 |
|
|
|d AGL
|d GPO
|d DLC
|d MvI
|d UtOrBLW
|
| 043 |
|
|
|a n-us-ca
|
| 049 |
|
|
|a UDOC
|
| 070 |
0 |
|
|a GB701.W375
|b no.98-4061
|
| 072 |
|
0 |
|a P200
|
| 074 |
|
|
|a 0624-B
|
| 086 |
0 |
|
|a I 19.42/4:98-4061
|
| 090 |
|
|
|a GB701
|b .W375 no.98-4061
|
| 100 |
1 |
|
|a Yates, Eugene B.
|
| 245 |
1 |
0 |
|a Hydrogeology, water quality, water budgets, and simulated responses to hydrologic changes in Santa Rosa and San Simeon Creek ground-water basins, San Luis Obispo County, California /
|c by Eugene B. Yates, and Kathryn M. Von Konyenburg ; prepared in cooperation with the San Luis Obispo County Flood Control and Water Conservation District.
|
| 264 |
|
1 |
|a Sacramento, Calif. :
|b U.S. Geological Survey ;
|c 1998.
|
| 264 |
|
2 |
|a Denver, CO :
|b Information Services [distributor],
|
| 300 |
|
|
|a vii, 103 pages :
|b illustrations, maps ;
|c 28 cm.
|
| 336 |
|
|
|a text
|b txt
|2 rdacontent
|
| 337 |
|
|
|a unmediated
|b n
|2 rdamedia
|
| 338 |
|
|
|a volume
|b nc
|2 rdacarrier
|
| 490 |
1 |
|
|a Water-resources investigations report ;
|v 98-4061
|
| 500 |
|
|
|a Shipping list number: 1999-0020-P.
|
| 500 |
|
|
|a Shipping List #: 99-0020-P
|
| 500 |
|
|
|a Shipping List Date: 10/22/98
|
| 504 |
|
|
|a Includes bibliographical references (pages 102-103).
|
| 650 |
|
0 |
|a Hydrogeology
|z California
|z San Luis Obispo County.
|
| 650 |
|
0 |
|a Groundwater
|z California
|z San Luis Obispo County
|x Quality.
|
| 650 |
|
0 |
|a Water-supply
|z California
|z San Luis Obispo County.
|
| 650 |
|
0 |
|a Hydrologic cycle
|z California
|z San Luis Obispo County
|x Mathematical models.
|
| 700 |
1 |
|
|a Van Konyenburg, Kathryn M.
|
| 710 |
1 |
|
|a San Luis Obispo County (Calif.).
|b Flood Control and Water Conservation District.
|
| 710 |
2 |
|
|a Geological Survey (U.S.)
|
| 830 |
|
0 |
|a Water-resources investigations report ;
|v 98-4061.
|
| 999 |
|
|
|a MARS
|
| 999 |
f |
f |
|s 35b89f2a-6ac5-3c65-a77b-abff804c36e1
|i e37a70da-ba5e-319b-9f69-fccb35ecba3e
|t 0
|
| 952 |
f |
f |
|p normal
|a Texas A&M University
|b College Station
|c Sterling C. Evans Library
|d Evans: US Documents (Annex 5th floor)
|t 0
|e I 19.42/4:98-4061
|h Superintendent of Documents classification
|i unmediated -- volume
|m A14824398985
|
| 998 |
f |
f |
|a I 19.42/4:98-4061
|t 0
|l Evans: US Documents (Annex 5th floor)
|